Name Netflix Movies by pictures #2 - Statistics

General Stats
  • This quiz has been taken 162 times
  • The average score is 6 of 12
Answer Stats
Picture Answer % Correct
Alice in Wonderland
75%
Smile
75%
Coraline
73%
Luca
71%
Wonka
67%
Saw
66%
The Conjuring
59%
Corpse Bride
57%
Terrifier
57%
M3GAN
34%
Nowhere
6%
Lover, Stalker, Killer
1%
No matching quizzes found
Score Distribution
Percent of People with Each Score
Percentile by Number Answered
Your Score History
You have not taken this quiz